书目信息 |
| 题名: |
樱花与武士
|
|
| 作者: | 孔祥旭 著 | |
| 分册: | ||
| 出版信息: | 北京 同心出版社 2007 |
|
| 页数: | 20,316页 | |
| 开本: | 24cm | |
| 丛书名: | ||
| 单 册: | ||
| 中图分类: | K313.07 | |
| 科图分类: | ||
| 主题词: | 日本--研究 , 日本 | |
| 电子资源: | ||
| ISBN: | 978-7-80716-580-4 | |
| 000 | 01010nam0 2200253 45 | |
| 001 | 1050801734 | |
| 005 | 20100419102841.81 | |
| 010 | @a978-7-80716-580-4@dCNY36.00 | |
| 100 | @a20100408d2007 ekmy0chiy0120 ea | |
| 101 | 0 | @achi |
| 102 | @aCN@b110000 | |
| 105 | @aab z 000yy | |
| 106 | @ar | |
| 200 | 1 | @a樱花与武士@AYing Hua Yu Wu Shi@e那些决定日本的细节@ENa Xie Jue Ding Ri Ben De Xi Jie@f孔祥旭著@FKong Xiang Xu Zhu |
| 210 | @a北京@c同心出版社@d2007 | |
| 215 | @a20,316页@c照片,地图@d24cm | |
| 330 | @a本书对决定现代日本成长轨迹的“先天基因”——风土细节和世间规则,对日本的文化、社会、经济、政治历史等进行了深入剖析和精辟解读,呈现了日本人的文化品格和行为习惯,更揭示了日本人细腻、暧昧、不畏死等表象下顺从而固执,孤立又短视的真实性格。 | |
| 517 | 1 | @a那些决定日本的细节@ANa Xie Jue Ding Ri Ben De Xi Jie |
| 606 | 0 | @a日本@x研究 |
| 606 | 0 | @a日本 |
| 690 | @aK313.07@v4 | |
| 701 | 0 | @a孔祥旭@AKong Xiang Xu@f(196?~)@4著 |
| 801 | 0 | @aCN@bTANGWEI@c20100419 |
| 905 | @b0590626-30@dK313.07@e46@f5 | |
| 樱花与武士:那些决定日本的细节/孔祥旭著.-北京:同心出版社,2007 |
| 20,316页:照片,地图;24cm |
| ISBN 978-7-80716-580-4:CNY36.00 |
| 本书对决定现代日本成长轨迹的“先天基因”——风土细节和世间规则,对日本的文化、社会、经济、政治历史等进行了深入剖析和精辟解读,呈现了日本人的文化品格和行为习惯,更揭示了日本人细腻、暧昧、不畏死等表象下顺从而固执,孤立又短视的真实性格。 |
| ● |
| 相关链接 |
|
|
|
|
正题名:樱花与武士
索取号:K313.07/46
 
预约/预借
| 序号 | 登录号 | 条形码 | 馆藏地/架位号 | 状态 | 备注 |
| 1 | 0590626 | 205906260 | 第二样本阅览室/ [索取号:K313.07/46] | 在馆 | |
| 2 | 0590627 | 205906279 | 第二借阅区/ [索取号:K313.07/46] | 在馆 | |
| 3 | 0590628 | 205906288 | 第二借阅区/ [索取号:K313.07/46] | 在馆 | |
| 4 | 0590629 | 205906297 | 第二借阅区/ [索取号:K313.07/46] | 在馆 | |
| 5 | 0590630 | 205906304 | 第二借阅区/ [索取号:K313.07/46] | 在馆 |